Guess the countries - Statistics

General Stats
  • This quiz has been taken 16 times
  • The average score is 10 of 16
Answer Stats
Picture Answer % Correct
Egypt
100%
India
100%
USA
100%
Iceland
93%
Japan
86%
China
71%
Equatorial guinea
64%
Israel
57%
Oman
57%
Antigua and Barbuda
50%
Maldives
43%
Cape Verde
36%
Seychelles
36%
Kiribati
29%
Saint Kitts and Nevis
29%
São Tomé and Príncipe
29%
No matching quizzes found
Score Distribution
Percent of People with Each Score
Percentile by Number Answered
Your Score History
You have not taken this quiz